El riego de arroz por perforaciones profundas /

Guardado en:
Otros Autores: Díaz, Eduardo L.
Formato: Libro
Idioma:Spanish
Publicado: Concepción del Uruguay : Universidad Nacional de Entre Ríos, 2006.
Etiquetas: Agregar Etiqueta
Sin Etiquetas, Sea el primero en etiquetar este registro!
LEADER 00511nam a22001455a 4500
001 EEA.libagro007682
005 20180420115616.0
008 130809s2006####ag#a##########000#0#spa#d
020 |a 9506981809 
082 0 4 |a 633.18 
245 0 3 |a El riego de arroz por perforaciones profundas /  |c Eduardo L. Díaz ... [et al.]. 
260 |a Concepción del Uruguay :  |b Universidad Nacional de Entre Ríos,  |c 2006. 
300 |a 130 p. :  |b il. ;  |c 26 cm. 
700 1 |a Díaz, Eduardo L. 
859 |a AR-BbBCA  |b BIB. AGRONOMIA  |h 633.18  |i D542  |p 2006/5071